Fictional Characters Who Are Orange Quiz Stats

 Plays Quiz Updated Jun 23, 2017

Support Sporcle.
Go Orange.
Score 0/20 Timer 05:00
23 Plays Today
% Correct
Garfield
98.5%
Nemo
98.1%
Tigger
93.9%
Fred Flintstone
92.2%
Puss in Boots
89.8%
Ernie
87.8%
Tony the Tiger
87.4%
Velma Dinkley
79.2%
Kenny McCormick
79.2%
Oompa Loompa
76.9%
% Correct
The Thing
73%
The Lorax
72.3%
Chester Cheetah
57.4%
Crash Bandicoot
54.9%
Charmander
54.8%
Tails
46.8%
Fox McCloud
37.2%
Leeloo
24.1%
Scooter
23.4%
Emmet Brickowski
22.5%

You're not logged in!

Compare scores with friends on all Sporcle quizzes.
OR
Log In
Forgot?

From the Vault

MLB Cy Young Relief Pitchers

by jefferslfgm

Some of them might've won the award for their mustache alone.
Remove Ads.
Support Sporcle.
Get the best of Sporcle when you Go Orange. This ad-free experience offers more features, more stats, and more fun while also helping to support Sporcle. Thank you for becoming a member.

Show Comments

Extras

Top Quizzes Today


Score Distribution

Your Account Isn't Verified!

In order to create a playlist on Sporcle, you need to verify the email address you used during registration. Go to your Sporcle Settings to finish the process.

Report this User

Report this user for behavior that violates our Community Guidelines.

Details: